[Event "11ème Tournoi de MI"]
[Site "?"]
[Date "2011.07.07"]
[Round "1"]
[White "Amoyal, Pierre"]
[Black "Bakalerz, Mietek"]
[Result "1-0"]
[WhiteElo "2234"]
[BlackElo "2361"]
[Annotator "Navrotescu,Catalin"]
[PlyCount "64"]
[EventDate "2011.07.07"]
[SourceDate "2011.07.07"]

1. d4 d5 2. c4 Bf5 3. Nc3 e6 4. Nf3 c6 5. Qb3 Qb6 6. c5 Qc7 7. Bf4 Qc8 8. Nd2 (
8. e4 Bxe4 9. Nxe4 dxe4 10. Nd2 Nf6 11. Nc4 Nd5 12. Nd6+ Bxd6 13. Bxd6 Nd7 14.
O-O-O b5 15. g4 a5 16. Qc2 N7f6 17. g5 Nb4 18. Qe2 Nfd5 19. a3 Nd3+ 20. Rxd3
exd3 21. Qe5 f6 22. gxf6 gxf6 23. Qh5+ Kd8 24. Bxd3 {Les Blancs sont mieux....
1-0 Cvitan,O (2521)-Bednarich,J (2230)/Nova Gorica 1999/CBM 068 ext (42)}) 8...
Nd7 $6 (8... Nf6 {pour empêcher e4.}) 9. e4 Bg6 10. Be2 Ngf6 11. Bf3 {
Les Blancs ont un bon avantage d'éspace.} dxe4 12. Ncxe4 Nxe4 13. Bxe4 e5 $2
14. Bxg6 hxg6 15. Qe3 Qc7 16. Nc4 {Diagram #} O-O-O 17. Bxe5 (17. Bg3 $1 {
Diagram #} f6 18. O-O b5 19. cxb6 Nxb6 20. Rac1 {
la position noire est critique.}) 17... Nxe5 18. dxe5 Rh4 19. b3 Rd5 20. O-O $6
(20. Nd6+ Bxd6 21. exd6 Qa5+ 22. Kf1 Rh8 23. Qe7 $14 {
les Blancs ont un pion passé dangereux.}) 20... Bxc5 21. Qg3 Rh8 22. Rac1 Kb8
23. Rfe1 a6 24. h3 Ka7 25. Re2 Qd7 26. Rce1 Qe6 27. a3 Rhd8 28. b4 Rd3 29. Qg4
Bd4 30. Nd6 {Les Blancs gagnent quoi que les Noirs sont un peu mieux après:}
Qxg4 31. hxg4 Rf8 32. Re4 f6 1-0

[Event "11ème Tournoi de MI"]
[Site "?"]
[Date "2011.07.07"]
[Round "1"]
[White "Stephan, Victor"]
[Black "Pucher, Olivier"]
[Result "0-1"]
[WhiteElo "2280"]
[BlackElo "2351"]
[Annotator "Navrotescu,Catalin"]
[PlyCount "164"]
[EventDate "2011.07.07"]
[SourceDate "2011.07.07"]

1. d4 Nf6 2. c4 c5 3. d5 e6 4. Nc3 exd5 5. cxd5 d6 6. g3 g6 7. Bg2 Bg7 8. Nf3
O-O 9. O-O Re8 10. h3 a6 11. a4 Nbd7 12. Nd2 Rb8 13. Nc4 Ne5 14. Na3 Nh5 15. e4
Bd7 16. Qe2 $2 (16. a5 b5 17. axb6 Bb5 18. Ncxb5 axb5 19. g4 Nf6 20. Nxb5 Qxb6
21. Na3 Qb3 22. Rb1 Qxd1 23. Rxd1 Rb3 24. Bd2 Nfd7 25. Bc3 g5 26. Kh1 Ra8 27.
Bf1 Rxc3 28. bxc3 Rxa3 {...0-1 Aronian,L (2808)-Grischuk,A (2747)/Monaco MNC
2011/The Week in Chess 854 (43)}) 16... f5 17. exf5 Bxf5 18. Ne4 Nf7 (18... Nf6
19. Bg5 Bxe4 20. Bxe4 Nf7 21. Bxf6 Qxf6 22. Qd3 Qd4 {
les Noirs ont une meilleure position.}) 19. Re1 Bd4 20. Kh2 Bxe4 21. Bxe4 {
Diagram #} Rxe4 $1 22. Qxe4 Bxf2 23. Rd1 Bxg3+ $19 24. Kg2 Qf8 (24... Bf4 $5
25. Bxf4 Qh4 26. Rf1 g5) 25. Be3 (25. Rf1) 25... Re8 26. Qf3 Qe7 27. Nc2 Ne5
28. Qe2 Qh4 29. Bd2 Bf4 (29... Rf8 30. Rf1 Bf2 31. Ra3 Ng3 {
les Noirs ont l'avantage materiel décisif.}) 30. Be1 Qg5+ 31. Kh1 Qf5 32. Ra3
b5 (32... Bh6 {avec l'idée Cf4.}) 33. axb5 axb5 34. b4 Kf8 (34... Bh6) 35. Qg2
Nc4 36. Rf3 Nb2 37. Rd2 {Diagram #} Qxc2 $5 ({mieux est:} 37... c4 {
avec l'idée Cd3.}) 38. Rxc2 Rxe1+ 39. Qg1 Rxg1+ 40. Kxg1 Nc4 41. bxc5 dxc5 42.
Rb3 Nf6 43. Rxb5 Na3 44. Rcxc5 Nxb5 45. Rxb5 Ke7 46. Kg2 Be5 47. h4 Kd6 48. Kh3
Nxd5 {les Noirs sont gagnants.} 49. Rb7 Nf6 50. Ra7 Ke6 51. Rb7 Kf5 52. Ra7 h6
53. Rb7 g5 54. hxg5 hxg5 55. Rb5 Kf4 56. Kg2 Ng4 57. Rb4+ Kf5 58. Rb5 Ne3+ 59.
Kf3 Nc2 60. Ra5 g4+ 61. Kg2 Kf4 62. Ra4+ Kg5 63. Ra5 Kf5 64. Rb5 Kf4 65. Ra5
Ne3+ 66. Kg1 Bc3 67. Ra3 Be1 68. Ra8 Bg3 69. Rf8+ Ke4 70. Ra8 Kf3 71. Ra2 Bf4
72. Rf2+ Kg3 73. Ra2 Kh3 74. Ra4 Ng2 75. Ra3+ g3 76. Rf3 Be5 77. Rd3 Nh4 78.
Ra3 Bf4 79. Rb3 Kg4 80. Ra3 Bd6 81. Ra2 Kf3 82. Rc2 Bf4 0-1

[Event "11ème Tournoi de MI"]
[Site "?"]
[Date "2011.07.07"]
[Round "1"]
[White "Valuet, Bertrand"]
[Black "Miron, Lucian Costin"]
[Result "0-1"]
[WhiteElo "2318"]
[BlackElo "2506"]
[Annotator "Navrotescu,Catalin"]
[PlyCount "74"]
[EventDate "2011.07.07"]
[SourceDate "2011.07.07"]

1. e4 e5 2. Nf3 Nc6 3. Bb5 a6 4. Ba4 Nf6 5. O-O Be7 6. Re1 b5 7. Bb3 d6 8. c3
O-O 9. h3 Nb8 10. d4 Nbd7 11. Bg5 (11. c4 c6 12. Nc3 b4 13. Na4 c5 14. d5 Re8
15. Bc2 Nf8 16. a3 a5 17. b3 Ng6 18. Nb2 Bd7 19. Nh2 h6 20. Nf1 Nh7 21. Ne3 Bg5
22. axb4 axb4 23. Rxa8 Qxa8 24. Nf5 Bxc1 25. Qxc1 Bxf5 26. exf5 Ngf8 $15 {
...1/2-1/2 Nakamura,H (2774)-Carlsen,M (2815)/Medias ROU 2011/The Week in
Chess 867 (34)}) 11... Bb7 12. Nbd2 Re8 13. Bh4 c5 (13... h6) 14. Bg3 Bf8 15.
Ng5 $6 (15. d5) 15... c4 16. Nxc4 $6 bxc4 17. Bxc4 {Diagram #} d5 $1 18. exd5
Nb6 $1 19. Bb3 e4 20. d6 (20. c4 Bb4 21. Re2 h6 {le Cavalier g5 est coincé.})
20... Bd5 21. Bxd5 Nbxd5 22. c4 h6 23. Nf3 (23. Nxf7 Kxf7 24. cxd5 Bxd6 25.
Bxd6 Qxd6 26. Rc1 Rac8 {avec avantage noir.}) 23... exf3 24. Qxf3 Rxe1+ 25.
Rxe1 Bxd6 26. Bxd6 (26. Be5) 26... Qxd6 27. cxd5 Qxd5 28. Re5 Qxf3 29. gxf3 Rd8
{les Noirs ont un avantage décisif.} 30. Ra5 Rd6 31. Kf1 Nd5 32. Ke2 Nf4+ 33.
Ke3 Nxh3 34. d5 g5 35. Rc5 Nf4 36. Ke4 Rxd5 37. Rc6 f5+ 0-1

[Event "11ème Tournoi de MI"]
[Site "?"]
[Date "2011.07.07"]
[Round "1"]
[White "Dubessay, Bastien"]
[Black "Goudriaan, Etienne"]
[Result "1-0"]
[WhiteElo "2310"]
[BlackElo "2283"]
[Annotator "Navrotescu,Catalin"]
[PlyCount "95"]
[EventDate "2011.07.07"]
[SourceDate "2011.07.07"]

1. d4 Nf6 2. c4 g6 3. Nc3 Bg7 4. e4 d6 5. f3 O-O 6. Bg5 c5 7. d5 e6 8. Qd2 exd5
9. cxd5 h6 10. Be3 h5 11. Nge2 Nbd7 12. Nc1 Ne5 13. Be2 a6 14. a4 Nh7 15. O-O
f5 16. f4 Nf7 17. e5 dxe5 18. Bxc5 Re8 (18... exf4 $5 19. Nd3 g5 20. Bxf8 Qxf8
21. Bxh5 Nd6 22. Rae1 Bd4+ 23. Kh1 Nc4 24. Qe2 Ne3 25. Nxf4 $1 gxf4 26. Rxf4
Ba7 27. Qf3 Nf6 28. Qg3+ Neg4 $13 {
...1-0 Moiseenko,A (2641)-Hebden,M (2540)/Porz Erin 2007/CBM 120 ext (34)}) 19.
Nd3 e4 20. Ne1 Nf6 21. Nc2 b6 22. Be3 Bb7 23. Rfd1 Rc8 24. Rac1 Re7 25. Nb4 Rd7
26. Qe1 a5 27. Nc6 Bxc6 28. dxc6 Rxc6 29. Qf2 (29. Nxe4 Rxc1 30. Nxf6+ Bxf6 31.
Bxc1 {la position est egale.}) 29... Ng4 30. Bxg4 hxg4 31. Rxd7 Qxd7 32. Rd1
Rd6 33. Rxd6 Nxd6 (33... Qxd6 $1 34. Bxb6 $2 {Diagram #} Bxc3 35. bxc3 Qd1+ 36.
Qf1 Qxa4 {la finale des Noirs est gagnante.}) 34. Qd2 Qc6 35. Nd5 {Diagram #}
Kh7 $2 (35... Qxa4 $1 36. Ne7+ Kf7 37. Qxd6 Qa1+ 38. Kf2 Qxb2+ 39. Kg3 Qf6 40.
Qxf6+ Bxf6 41. Nd5 b5 {
les Noirs ont une très bonne compensation pour la pièce sacrifié.}) 36. Nxb6
Nc4 $2 (36... Nb7 {et les Noirs garde un légér avantage.}) 37. Qc2 Ne5 38. Qxc6
Nxc6 39. Nc4 {les Blancs sont mieux.} Kg8 40. Bd2 Nb4 $6 ({mieux est:} 40...
Kf7 41. b3 Ke6 42. Kf2) 41. Bxb4 Bd4+ 42. Kf1 axb4 43. b3 Kf8 44. a5 Ke8 45.
Ne5 g5 (45... Kd8 46. Nc6+) 46. Nc6 Bc5 47. fxg5 Kd7 48. g6 {
Les Noirs abandonnent.} 1-0

[Event "11ème Tournoi de MI"]
[Site "?"]
[Date "2011.07.07"]
[Round "1"]
[White "Migot, Tangi"]
[Black "Lyrberg, Patrik"]
[Result "0-1"]
[WhiteElo "2254"]
[BlackElo "2428"]
[Annotator "Navrotescu,Catalin"]
[PlyCount "70"]
[EventDate "2011.07.07"]
[SourceDate "2011.07.07"]

1. e4 e6 2. d4 d5 3. Nc3 Bb4 4. e5 c5 5. a3 Ba5 6. b4 cxd4 7. bxa5 dxc3 8. Qg4
Ne7 9. Qxg7 Rg8 10. Qxh7 Nbc6 11. f4 Qxa5 12. Nf3 d4 (12... Bd7 13. Rb1 O-O-O
14. Qd3 d4 15. g3 Nf5 16. Be2 Kb8 17. Kf2 Nce7 18. Rg1 Ba4 19. Qa6 $1 Qxa6 20.
Bxa6 b5 21. g4 Ne3 22. Bxe3 dxe3+ 23. Kxe3 Nd5+ 24. Kf2 Nxf4 25. Rg3 {
...1-0 Lutz,C (2567)-Berelovitsch,A (2544)/Belgique 2010/EXT 2011 (63)}) 13.
Rb1 Bd7 $5 14. Rxb7 a6 15. Qd3 Nf5 16. Rg1 Nd8 17. Rb4 Bb5 {Diagram #} 18. Rxb5
$1 axb5 19. g4 $2 (19. Qxb5+ $1 Kf8 20. g4 Ne3 21. Nxd4 Nxf1 22. Kxf1 Qxb5+ 23.
Nxb5 Nc6 24. Rg3 {et les Blancs ont la compensation pour la qualité.}) 19... b4
20. Qb5+ Kf8 21. Ng5 $2 (21. a4 Ne7 22. Qxa5 Rxa5 23. Bb5 d3 $1 24. Bxd3 Rxa4 {
avec un jeu compliqué.}) 21... Qxb5 22. Bxb5 Nh4 23. Kf2 bxa3 24. Bxa3+ Rxa3 {
Les Noirs ont l'avantage materiel décisif.} 25. Nh7+ Kg7 26. Nf6 Rh8 27. Kg3
Ra2 28. Bd3 Nc6 29. Rb1 Rb2 30. Ra1 Nb4 31. Be4 d3 32. cxd3 c2 33. d4 Rb3+ 34.
Kf2 Nd3+ 35. Bxd3 Rxd3 {les Blancs abandonnent.} 0-1

[Event "11ème Tournoi de MI"]
[Site "?"]
[Date "2011.07.08"]
[Round "2"]
[White "Bakalerz, Mietek"]
[Black "Lyrberg, Patrik"]
[Result "0-1"]
[WhiteElo "2361"]
[BlackElo "2428"]
[PlyCount "70"]
[EventDate "2011.07.07"]
[SourceDate "2011.07.07"]

1. e4 Nf6 2. e5 Nd5 3. d4 d6 4. c4 Nb6 5. exd6 exd6 6. Nf3 Be7 7. Bd3 Bg4 8.
Be3 c5 9. d5 N8d7 10. Nbd2 Ne5 11. Be2 Bxf3 12. Nxf3 Nxf3+ 13. Bxf3 O-O 14. Be2
Bg5 15. Bxg5 Qxg5 16. O-O Rfe8 17. Bd3 h5 18. Rc1 Nd7 19. Rc3 Re7 20. Bc2 Nf6
21. f4 Qh6 22. Qf3 a6 23. Qg3 b5 24. cxb5 axb5 25. Ra3 Rae8 26. Qf3 Re2 27. Rc1
g5 28. fxg5 Qxg5 29. Qg3 Ng4 30. Rf1 Rxc2 31. h3 Re3 32. Ra8+ Kg7 33. Qxd6
Rxg2+ 34. Kxg2 Ne5+ 35. Kh1 Rxh3# 0-1

[Event "11ème Tournoi de MI"]
[Site "?"]
[Date "2011.07.08"]
[Round "2"]
[White "Amoyal, Pierre"]
[Black "Stephan, Victor"]
[Result "0-1"]
[WhiteElo "2234"]
[BlackElo "2280"]
[PlyCount "76"]
[EventDate "2011.07.07"]
[SourceDate "2011.07.07"]

1. d4 Nf6 2. c4 e6 3. Nf3 Bb4+ 4. Bd2 c5 5. Bxb4 cxb4 6. a3 bxa3 7. Rxa3 O-O 8.
Nc3 d6 9. e3 Nc6 10. Be2 e5 11. O-O a5 12. Qb3 Qe7 13. d5 Nb4 14. Na2 Nxa2 15.
Qxa2 b6 16. b4 Qc7 17. Ra1 Rb8 18. bxa5 bxa5 19. Rxa5 Ne4 20. h3 Nc5 21. Ra7
Qb6 22. Qa5 Qb2 23. Qa2 Qc3 24. Qa3 Qc2 25. Re1 Rb3 26. Qc1 Qg6 27. Kh2 Bf5 28.
Rc7 Be4 29. Bf1 Bxf3 30. gxf3 Rfb8 31. Be2 h6 32. Rg1 Qf6 33. Rg4 h5 34. Rg3 g6
35. Rg1 Kg7 36. Rc6 Rb2 37. Qd1 Ra2 38. Re1 Rbb2 0-1

[Event "11ème Tournoi de MI"]
[Site "?"]
[Date "2011.07.08"]
[Round "2"]
[White "Pucher, Olivier"]
[Black "Valuet, Bertrand"]
[Result "1-0"]
[WhiteElo "2351"]
[BlackElo "2318"]
[PlyCount "147"]
[EventDate "2011.07.07"]
[SourceDate "2011.07.07"]

1. d4 Nf6 2. c4 e6 3. g3 d5 4. Nf3 c6 5. Bg2 Bb4+ 6. Bd2 Bxd2+ 7. Nbxd2 O-O 8.
O-O b6 9. Qc2 Bb7 10. e4 Nbd7 11. e5 Ne8 12. h4 h6 13. cxd5 cxd5 14. Rfc1 Rc8
15. Qa4 a6 16. Nb3 Nc7 17. Bf1 f6 18. exf6 Qxf6 19. Nbd2 Rf7 20. Bh3 Nb5 21.
Rxc8+ Bxc8 22. Re1 Nb8 23. Bf1 Bd7 24. Bxb5 Bxb5 25. Qb3 Nc6 26. Qe3 Re7 27. a3
Qf5 28. Qc3 Rf7 29. b3 Ne7 30. a4 Be8 31. Qe3 Rf6 32. Rc1 Nc6 33. Kg2 Nb4 34.
Ne1 Bc6 35. Ndf3 Qe4 36. Qd2 a5 37. Rc3 Rf8 38. Re3 Qf5 39. Ne5 Be8 40. N1d3
Bh5 41. Nxb4 axb4 42. f3 Rc8 43. Rd3 Qf8 44. g4 Be8 45. Kg3 Qd6 46. Qf4 Rc3 47.
g5 Qf8 48. Qd2 hxg5 49. hxg5 Qf5 50. Rxc3 bxc3 51. Qxc3 Qxg5+ 52. Kf2 Qf4 53.
Ke2 Qh2+ 54. Kd3 Qa2 55. Qc2 Qa3 56. Kd2 Kf8 57. Qc3 Qa2+ 58. Ke3 Qb1 59. Qb4+
Kg8 60. Qxb6 Qe1+ 61. Kd3 Kh7 62. Qxe6 Qb1+ 63. Kc3 Qc1+ 64. Kb4 Qd2+ 65. Ka3
Qc1+ 66. Kb4 Qd2+ 67. Kc5 Qc3+ 68. Kd6 Qb4+ 69. Kc7 Qa5+ 70. Qb6 Qc3+ 71. Kb8
Bh5 72. a5 Bxf3 73. a6 Be4 74. a7 1-0

[Event "11ème Tournoi de MI"]
[Site "?"]
[Date "2011.07.08"]
[Round "2"]
[White "Miron, Lucian Costin"]
[Black "Dubessay, Bastien"]
[Result "1/2-1/2"]
[WhiteElo "2506"]
[BlackElo "2310"]
[PlyCount "125"]
[EventDate "2011.07.07"]
[SourceDate "2011.07.07"]

1. d4 Nf6 2. c4 g6 3. Nf3 Bg7 4. g3 d5 5. Bg2 dxc4 6. O-O O-O 7. Na3 c3 8. bxc3
c5 9. Qb3 Nc6 10. Rd1 Na5 11. Qb2 Bf5 12. Ne5 Rc8 13. Bf4 cxd4 14. cxd4 Nd7 15.
Nd3 Qb6 16. Qxb6 Nxb6 17. Ne5 Rfd8 18. e4 Bd7 19. Nxd7 Rxd7 20. Rac1 Bxd4 21.
Rxc8+ Nxc8 22. Be3 e5 23. Bh3 Rd8 24. Kf1 Nd6 25. Bg5 Rb8 26. f3 Kg7 27. Nc2
Nc6 28. Bd7 Nb5 29. a4 Nc3 30. Rd3 Nxa4 31. Nxd4 exd4 32. Bxc6 bxc6 33. Rxd4
Nb6 34. Rd6 Rc8 35. Bf6+ Kf8 36. Ke2 Ke8 37. f4 Nd7 38. Bg5 c5 39. e5 c4 40. e6
Nc5 41. exf7+ Kxf7 42. Rd4 Ne6 43. Rd7+ Kg8 44. Bf6 Rc7 45. Rd1 Nc5 46. Be5 Rc8
47. Ra1 a6 48. Kd1 Rc6 49. Kc2 Kf7 50. Kc3 Nb3 51. Rd1 Ke6 52. g4 a5 53. Rd8
Nc5 54. Ra8 Ne4+ 55. Kc2 Nf2 56. h3 Nxh3 57. Rxa5 Nf2 58. f5+ gxf5 59. gxf5+
Kf7 60. Ra7+ Kf8 61. Ra8+ Kf7 62. Ra7+ Kf8 63. Ra8+ 1/2-1/2

[Event "11ème Tournoi de MI"]
[Site "?"]
[Date "2011.07.08"]
[Round "2"]
[White "Goudriaan, Etienne"]
[Black "Migot, Tangi"]
[Result "0-1"]
[WhiteElo "2283"]
[BlackElo "2254"]
[PlyCount "64"]
[SourceDate "2011.07.07"]

1. d4 Nf6 2. c4 g6 3. Nc3 Bg7 4. e4 d6 5. Nf3 O-O 6. Be2 e5 7. O-O Nc6 8. d5
Ne7 9. Ne1 Nd7 10. Nd3 f5 11. Bd2 fxe4 12. Nxe4 Nf5 13. Rc1 Nf6 14. Bg5 h6 15.
Bxf6 Bxf6 16. Bg4 b6 17. Qd2 Bg7 18. f4 exf4 19. Nxf4 Bd4+ 20. Kh1 Be3 21. Qc3
Bxc1 22. Rxc1 Kh7 23. Qh3 Ng7 24. Bxc8 Rxf4 25. Re1 Rxe4 26. Rxe4 Qxc8 27. Qe3
Qf5 28. h3 Rf8 29. Re7 Rf7 30. b3 a5 31. Kh2 Rxe7 32. Qxe7 Qe5+ 0-1

[Event "11ème Tournoi de MI"]
[Site "?"]
[Date "2011.07.09"]
[Round "3"]
[White "Stephan, Victor"]
[Black "Bakalerz, Mietek"]
[Result "1-0"]
[WhiteElo "2280"]
[BlackElo "2361"]
[PlyCount "105"]
[EventDate "2011.07.07"]
[SourceDate "2011.07.07"]

1. d4 d5 2. c4 Nc6 3. Nc3 dxc4 4. Nf3 Nf6 5. Bg5 Nd5 6. e4 Nb6 7. d5 Nb4 8. a3
Nd3+ 9. Bxd3 cxd3 10. Qxd3 f6 11. Be3 e5 12. O-O Be7 13. Rac1 O-O 14. Rfd1 Bg4
15. Nb5 Bxf3 16. gxf3 Bd6 17. Rd2 Rf7 18. Rdc2 f5 19. exf5 a6 20. Nxd6 Qxd6 21.
Bxb6 Qxb6 22. Qe4 Raf8 23. Qxe5 Rxf5 24. Qe6+ Qxe6 25. dxe6 c6 26. Rd1 Re8 27.
Re2 Rd5 28. Rxd5 cxd5 29. Rd2 Rxe6 30. Rxd5 Rb6 31. b4 Kf7 32. Rd7+ Kf6 33. Kg2
h5 34. f4 g6 35. Kf3 a5 36. Rd4 Rc6 37. Ke4 Rc3 38. Rd6+ Kf7 39. Rb6 Rxa3 40.
Rxb7+ Ke6 41. Rb6+ Kf7 42. Ke5 Kg7 43. Rb7+ Kh6 44. b5 Rb3 45. b6 Rb2 46. Kd6
Rxf2 47. Rb8 Rd2+ 48. Kc6 Rc2+ 49. Kb5 Rxh2 50. b7 Rb2+ 51. Ka6 g5 52. Rh8+ Kg6
53. Rg8+ 1-0

[Event "11ème Tournoi de MI"]
[Site "?"]
[Date "2011.07.09"]
[Round "3"]
[White "Valuet, Bertrand"]
[Black "Amoyal, Pierre"]
[Result "0-1"]
[WhiteElo "2318"]
[BlackElo "2234"]
[PlyCount "88"]
[EventDate "2011.07.07"]
[SourceDate "2011.07.07"]

1. e4 e5 2. Nf3 Nc6 3. d4 exd4 4. Nxd4 Nf6 5. Nxc6 bxc6 6. e5 Qe7 7. Qe2 Nd5 8.
c4 Ba6 9. Nd2 Nf4 10. Qe4 Ng6 11. f4 O-O-O 12. g3 f6 13. Bg2 Re8 14. b3 Qc5 15.
Bb2 fxe5 16. f5 Ne7 17. O-O-O Ng8 18. Rhe1 Nf6 19. Qc2 Qa5 20. Bc3 Bb4 21. Bxb4
Qxb4 22. Ne4 Nxe4 23. Rxe4 Qc5 24. g4 Bb7 25. Qb2 Qe7 26. Rde1 d6 27. c5 h5 28.
Bf3 Kb8 29. Kb1 hxg4 30. Bxg4 Qg5 31. h3 g6 32. fxg6 Qxg6 33. Qc2 Ref8 34. Rd1
Rf6 35. Rd2 Qg5 36. Rb4 Ka8 37. Bd7 d5 38. Qd3 Qg1+ 39. Kb2 Qxc5 40. Rg4 Qe7
41. Bf5 e4 42. Qc3 Rhf8 43. Rf2 c5 44. Rff4 d4 0-1

[Event "11ème Tournoi de MI"]
[Site "?"]
[Date "2011.07.09"]
[Round "3"]
[White "Dubessay, Bastien"]
[Black "Pucher, Olivier"]
[Result "1-0"]
[WhiteElo "2310"]
[BlackElo "2351"]
[PlyCount "69"]
[EventDate "2011.07.07"]
[SourceDate "2011.07.07"]

1. d4 Nf6 2. c4 g6 3. Nc3 Bg7 4. e4 d6 5. f3 O-O 6. Bg5 c5 7. d5 e6 8. Qd2 h6
9. Be3 exd5 10. cxd5 a6 11. a4 h5 12. Nge2 Nbd7 13. Nd1 Nh7 14. Nec3 f5 15. Nf2
Ne5 16. Be2 Qh4 17. f4 Nf7 18. O-O Re8 19. Rae1 Bxc3 20. Qxc3 fxe4 21. b4 cxb4
22. Qxb4 Qe7 23. Bc1 Bf5 24. Bb2 Qf8 25. Nd1 Re7 26. Qd4 Qh6 27. Ne3 Rae8 28.
Kh1 Nf8 29. g4 hxg4 30. Bxg4 Qh8 31. Qd2 Qh7 32. Bxf5 gxf5 33. Rg1+ Ng6 34. Qg2
Nfh8 35. Bxh8 1-0

[Event "11ème Tournoi de MI"]
[Site "?"]
[Date "2011.07.09"]
[Round "3"]
[White "Migot, Tangi"]
[Black "Miron, Lucian Costin"]
[Result "0-1"]
[WhiteElo "2254"]
[BlackElo "2506"]
[PlyCount "98"]
[EventDate "2011.07.07"]
[SourceDate "2011.07.07"]

1. e4 e5 2. Nf3 Nc6 3. Bb5 a6 4. Ba4 Nf6 5. O-O Be7 6. d3 d6 7. c3 O-O 8. Nbd2
b5 9. Bc2 d5 10. h3 d4 11. cxd4 exd4 12. Ne1 Na5 13. e5 Nd5 14. Ne4 c5 15. Qh5
Nb4 16. Bb1 Qd5 17. Ng3 g6 18. Qe2 Nbc6 19. Bh6 Re8 20. f4 c4 21. Nf3 Nb7 22.
Ng5 Nc5 23. N3e4 Bf5 24. Nxc5 Bxc5 25. Kh2 Rac8 26. dxc4 Qxc4 27. Qf3 d3 28. g4
Nd4 29. Qg2 Be7 30. gxf5 Nxf5 31. Qf3 Nxh6 32. Bxd3 Qd4 33. Rf2 Rcd8 34. Bc2
Bxg5 35. fxg5 Qxe5+ 36. Qg3 Nf5 37. Bxf5 gxf5 38. Raf1 Rd3 39. Qxe5 Rxe5 40.
Rxf5 Rxf5 41. Rxf5 Rd2+ 42. Kg3 Rxb2 43. a4 Rb4 44. axb5 Rxb5 45. Rf6 Rxg5+ 46.
Kf4 Ra5 47. Rb6 Kg7 48. h4 Ra1 49. h5 h6 0-1

[Event "11ème Tournoi de MI"]
[Site "?"]
[Date "2011.07.09"]
[Round "3"]
[White "Lyrberg, Patrik"]
[Black "Goudriaan, Etienne"]
[Result "1-0"]
[WhiteElo "2428"]
[BlackElo "2283"]
[PlyCount "77"]
[EventDate "2011.07.07"]
[SourceDate "2011.07.07"]

1. d4 Nf6 2. c4 g6 3. Nc3 d5 4. Nf3 Bg7 5. Bg5 Ne4 6. cxd5 Nxg5 7. Nxg5 e6 8.
Nf3 exd5 9. e3 a5 10. Rc1 O-O 11. a3 Re8 12. Be2 Bf8 13. Ne5 c6 14. Nd3 Bf5 15.
h4 Nd7 16. Bg4 Bxd3 17. Bxd7 Qxd7 18. Qxd3 Qg4 19. Qe2 Qe6 20. Qf3 b5 21. Ne2
a4 22. Nf4 Qf6 23. Kf1 Rad8 24. Nd3 Qe6 25. g3 Rb8 26. Kg2 b4 27. axb4 Bxb4 28.
h5 Bf8 29. Rc3 Rb6 30. Ra1 Ra8 31. Rc2 Rb3 32. Nc1 Rb5 33. Nd3 Rb3 34. Ne5 c5
35. Ng4 cxd4 36. Nf6+ Kh8 37. hxg6 Bg7 38. Nxh7 Qxg6 39. Rh1 {
Illisible 1-0 au 42ème coup} 1-0

[Event "11ème Tournoi de MI"]
[Site "?"]
[Date "2011.07.09"]
[Round "4"]
[White "Bakalerz, Mietek"]
[Black "Goudriaan, Etienne"]
[Result "1-0"]
[WhiteElo "2361"]
[BlackElo "2283"]
[PlyCount "57"]
[EventDate "2011.07.07"]
[SourceDate "2011.07.07"]

1. e4 e6 2. d4 d5 3. Nc3 Nf6 4. Bg5 Be7 5. e5 Nfd7 6. Bxe7 Qxe7 7. f4 a6 8. Nf3
c5 9. dxc5 Nc6 10. Bd3 f6 11. exf6 gxf6 12. Qd2 Nxc5 13. O-O-O Bd7 14. f5 O-O-O
15. fxe6 Bxe6 16. Qf4 d4 17. Ne4 Nxd3+ 18. Rxd3 Rhg8 19. Re1 Rxg2 20. a3 Ne5
21. Rxd4 Rxd4 22. Nxd4 Qc7 23. Kb1 Bb3 24. Nc3 Bf7 25. Qxf6 Nc4 26. Nd5 Nd2+
27. Ka1 Ne4 28. Qf5+ Qd7 29. Nb6+ 1-0

[Event "11ème Tournoi de MI"]
[Site "?"]
[Date "2011.07.09"]
[Round "4"]
[White "Amoyal, Pierre"]
[Black "Dubessay, Bastien"]
[Result "0-1"]
[WhiteElo "2280"]
[BlackElo "2318"]
[PlyCount "44"]
[EventDate "2011.07.07"]
[SourceDate "2011.07.07"]

1. d4 Nf6 2. c4 g6 3. Nc3 d5 4. Nf3 Bg7 5. Qb3 dxc4 6. Qxc4 O-O 7. e4 Na6 8.
Be2 c5 9. d5 e6 10. O-O exd5 11. exd5 Re8 12. Bf4 Bf5 13. Rad1 Nd7 14. Rd2 Nb6
15. Qb3 c4 16. Qd1 Nc5 17. d6 Bd3 18. Bxd3 cxd3 19. Rxd3 Nxd3 20. Qxd3 Qd7 21.
Nb5 Rad8 22. Nxa7 Qa4 0-1

[Event "11ème Tournoi de MI"]
[Site "?"]
[Date "2011.07.09"]
[Round "4"]
[White "Stephan, Victor"]
[Black "Valuet, Bertrand"]
[Result "1/2-1/2"]
[WhiteElo "2280"]
[BlackElo "2318"]
[PlyCount "192"]
[EventDate "2011.07.07"]
[SourceDate "2011.07.07"]

1. d4 Nf6 2. c4 e6 3. g3 Bb4+ 4. Bd2 c5 5. Bxb4 cxb4 6. Bg2 O-O 7. e4 d6 8. Ne2
e5 9. a3 Qb6 10. O-O Nc6 11. d5 Nb8 12. Qd2 Na6 13. Nc1 Nd7 14. Nd3 Ndc5 15.
Nxc5 Qxc5 16. Qd3 Qb6 17. Nd2 Nc5 18. Qe3 f5 19. f4 exf4 20. gxf4 fxe4 21. Nxe4
Bf5 22. Nxc5 Rae8 23. Qf2 dxc5 24. Rfe1 bxa3 25. bxa3 Bd3 26. Rad1 Bxc4 27. d6
Rd8 28. Qd2 Rf7 29. Re7 Kf8 30. Qe3 Bb3 31. Re1 c4 32. Qxb6 axb6 33. Bd5 Rf5
34. d7 Rxd5 35. Re8+ Kf7 36. Rxd8 Ba4 37. Rc8 Rxd7 38. Rxc4 Bc6 39. Rc3 Rd4 40.
f5 Kf6 41. Rg3 Rd5 42. Re6+ Kf7 43. Rge3 Rxf5 44. Re7+ Kf8 45. Rc7 h5 46. Rg3
Rf7 47. Rc8+ Ke7 48. Rg6 h4 49. Rc7+ Kf8 50. Rxf7+ Kxf7 51. Rg4 h3 52. Rc4 Ke6
53. Rc3 Bg2 54. Rg3 Kd6 55. Rxg7 Bc6 56. Kf2 Kc5 57. Kg3 Bg2 58. Kf2 Bc6 59.
Rh7 Bg2 60. Rh4 Kb5 61. Ke3 Ka5 62. Kd2 Kb5 63. Kc3 Ka5 64. Rb4 Bc6 65. Kd4 Bg2
66. Ke5 b5 67. Kd6 Kb6 68. Kd7 Bc6+ 69. Kc8 Bg2 70. Kb8 Bc6 71. Rb3 Bg2 72. a4
b4 73. Rxb4+ Ka5 74. Rh4 b5 75. axb5 Kxb5 76. Kc7 Kc5 77. Rh5+ Kd4 78. Kd6 Ke4
79. Ke6 Kf4 80. Kf6 Kg4 81. Ra5 Kf4 82. Ra4+ Be4 83. Rb4 Kf3 84. Kg5 Bd5 85.
Rd4 Be6 86. Kh4 Kg2 87. Rd6 Bc8 88. Rd3 Kxh2 89. Rd2+ Kg1 90. Kg3 Kf1 91. Rc2
Be6 92. Rf2+ Ke1 93. Rf8 Kd2 94. Rf6 Bc4 95. Kxh3 Kc3 96. Kg3 Kb2 1/2-1/2

[Event "11ème Tournoi de MI"]
[Site "?"]
[Date "2011.07.09"]
[Round "4"]
[White "Pucher, Olivier"]
[Black "Migot, Tangi"]
[Result "1/2-1/2"]
[WhiteElo "2351"]
[BlackElo "2254"]
[PlyCount "86"]
[EventDate "2011.07.07"]
[SourceDate "2011.07.07"]

1. c4 Nf6 2. Nf3 g6 3. Nc3 Bg7 4. e4 d6 5. d4 O-O 6. Be2 e5 7. O-O Nc6 8. d5
Ne7 9. Ne1 Nd7 10. Be3 f5 11. f3 f4 12. Bf2 g5 13. Rc1 Ng6 14. c5 Nxc5 15. b4
Na6 16. Nb5 Bd7 17. Nxa7 Rf7 18. Bxa6 bxa6 19. Qc2 Qe8 20. Qxc7 g4 21. Qxd6 g3
22. Qxa6 gxf2+ 23. Rxf2 Ba4 24. Rc8 Rxc8 25. Nxc8 Bf8 26. Nd6 Rf6 27. Nxe8 Rxa6
28. Nc7 Ra7 29. Ne6 Bxb4 30. Nd3 Bc3 31. Ndc5 Nf8 32. g3 Nxe6 33. Nxe6 fxg3 34.
hxg3 Bd7 35. Rc2 Ra3 36. f4 Kf7 37. Rh2 Bxe6 38. dxe6+ Kxe6 39. Rh6+ Kf7 40.
Rxh7+ Kg6 41. Rh2 Bd4+ 42. Kg2 Rxa2+ 43. Kh3 Rxh2+ 1/2-1/2

[Event "11ème Tournoi de MI"]
[Site "?"]
[Date "2011.07.09"]
[Round "4"]
[White "Miron, Lucian Costin"]
[Black "Lyrberg, Patrik"]
[Result "1-0"]
[WhiteElo "2506"]
[BlackElo "2428"]
[PlyCount "79"]
[EventDate "2011.07.07"]
[SourceDate "2011.07.07"]

1. Nf3 d5 2. g3 c6 3. Bg2 Bg4 4. d4 Nd7 5. Nbd2 Ngf6 6. O-O e6 7. Re1 Bd6 8. e4
dxe4 9. Nxe4 Nxe4 10. Rxe4 Nf6 11. Re1 O-O 12. c3 a5 13. Be3 Bxf3 14. Bxf3 Qe7
15. Bg5 a4 16. Qc2 h6 17. Bd2 Rfd8 18. Rad1 Bc7 19. Bc1 Nd5 20. Qe2 a3 21. c4
Nf6 22. bxa3 Bd6 23. c5 Bc7 24. Qb2 Ra7 25. Re3 Nd5 26. Rb3 Ba5 27. Bxd5 Rxd5
28. Bf4 Rd7 29. Bb8 Ra8 30. Bd6 Qf6 31. Rxb7 Bc3 32. Rb8+ Rxb8 33. Qxb8+ Kh7
34. Qb3 Ba5 35. Qd3+ Qg6 36. Qa6 Qc2 37. Rf1 Bc3 38. Qxc6 Ra7 39. Qb6 Ra4 40.
Qb3 1-0